| 000 | 00610nam a2200205 a 4500 | ||
|---|---|---|---|
| 001 | 13405 | ||
| 003 | CO-ViMGA | ||
| 008 | 141112s2004 ck r 000 u spa d | ||
| 020 | _a9580436231 | ||
| 040 |
_aCO-ViMGA _bspa _cCO-ViMGA |
||
| 082 | _aKASn | ||
| 100 | 1 |
_aKasza, Keiko _92872 |
|
| 245 | 1 | 0 | _aNo te rias, Pepe |
| 260 |
_aBogotá : _bNorma, _c2000 |
||
| 300 | _a30 : ils | ||
| 490 | _aBuenas noches | ||
| 590 | _aForma de adquisición : Compra fact.0183 - - Precio : 13900 - - Proveedor : Temas y libros - - Fecha de adquisición : Mayo 2006 | ||
| 650 | 1 | 4 |
_aCUENTOS INFANTILES _92743 |
| 942 |
_2ddc _cBK |
||
| 999 |
_c10793 _d10793 |
||